| Поле | Название | Значение |
| |
Тип записи |
a |
| |
Библиографический уровень |
m |
| 001 |
Контрольный номер |
SKBR/60fc8ee1-0bfd-443f-af5e-9bab14a4fff0 |
| 005 |
Дата корректировки |
20260527151839.3 |
| 010 |
Индекс ISBN |
__ |
| a |
ISBN |
978-5-16-017863-9 |
| b |
Уточнения |
в пер. |
| b |
Уточнения |
print |
| 010 |
Индекс ISBN |
__ |
| a |
ISBN |
978-5-16-110873-4 |
| b |
Уточнения |
online |
| 9 |
Тираж |
500 экз. |
| d |
Цена |
999-49 |
| 035 |
Другие системные номера |
__ |
| a |
Идентификатор записи |
RU\NLR\BIBL_A\022511121 |
| 100 |
Данные общей обработки |
__ |
| a |
Данные общей обработки |
20260525d2025 m y0rusa028902 ca |
| 101 |
Язык документа |
0_ |
| a |
Язык текста |
rus |
| 102 |
Страна публикации |
__ |
| a |
Страна публикации |
RU |
| 105 |
Кодированные данные (монография) |
__ |
| a |
Кодированные данные (монография) |
y e 000yy |
| 181 |
Поле кодированных данных: вид содержания |
_0 |
| a |
Код вида содержания (ISBD) |
i |
| 182 |
Поле кодированных данных: тип средства |
_0 |
| a |
Код типа средства (ISBD) |
n |
| 200 |
Заглавие и сведения об ответственности |
1_ |
| a |
Заглавие |
Заимствованные слова в русском языке |
| e |
Сведения, относящиеся к заглавию |
словарь |
| f |
Первые сведения об ответственности |
В. Г. Маслов, Д. Я. Маслов |
| 203 |
Вид содержания и тип средства |
__ |
| a |
Вид содержания |
Текст |
| c |
Тип средства |
непосредственный |
| 210 |
Выходные данные |
1_ |
| a |
Место издания |
Москва |
| c |
Издательство |
Инфра-М |
| d |
Дата издания |
2025 |
| 215 |
Физическое описание |
__ |
| a |
Объем |
196, [1] с. |
| d |
Формат |
22 см |
| 225 |
Серия |
1_ |
| a |
Серия |
Библиотека словарей Инфра-М |
| 330 |
Аннотация |
__ |
| a |
Аннотация |
Словарь содержит около 3000 слов иноязычного происхождения. Основное внимание обращено на слова, появившиеся в последние годы и не всегда зафиксированные ранее вышедшими словарями. Кроме того, в словарь включена интернет-компьютерная лексика. Соответствует требованиям федеральных государственных образовательных стандартов высшего образования последнего поколения. Для школьников, студентов, а также для всех желающих верно понимать значения заимствованных слов и правильно использовать их в речи. |
| 333 |
Примечание о целевом назначении |
__ |
| a |
Примечание о целевом назначении |
12+. Для детей старше 12 лет |
| 606 |
Тематические рубрики |
__ |
| 2 |
Код системы |
nlr_sh |
| a |
Основная рубрика |
Языкознание |
| 606 |
Тематические рубрики |
__ |
| 2 |
Код системы |
nlr_sh |
| a |
Основная рубрика |
Русский язык |
| 610 |
Ключевые слова |
0_ |
| a |
Ключевые слова |
словари |
| 610 |
Ключевые слова |
0_ |
| a |
Ключевые слова |
заимствованная лексика |
| 610 |
Ключевые слова |
0_ |
| a |
Ключевые слова |
заимствованные слова |
| 610 |
Ключевые слова |
0_ |
| a |
Ключевые слова |
заимствования |
| 610 |
Ключевые слова |
0_ |
| a |
Ключевые слова |
иноязычные слова |
| 610 |
Ключевые слова |
0_ |
| a |
Ключевые слова |
Интернет-лексика |
| 686 |
Индексы других классификаций |
__ |
| a |
Классификационный индекс |
81.411.2-4 |
| 2 |
Код системы |
rubbks |
| 700 |
Автор |
_1 |
| a |
Фамилия |
Маслов |
| b |
Имя |
В. Г. |
| f |
Даты |
1940- |
| g |
Полное личное имя |
Виктор Георгиевич |
| 4 |
Код отношения |
070 |
| 701 |
Альтернативная интеллектуальная ответственность |
_1 |
| a |
Фамилия |
Маслов |
| b |
Имя |
Д. Я. |
| g |
Полное личное имя |
Даниил Ярославович |
| 4 |
Код отношения |
070 |
| 801 |
Источник записи |
_0 |
| a |
Страна |
RU |
| b |
Организация |
NLR |
| c |
Дата составления |
20250403 |
| g |
Правила каталогизации |
PSBO |
| 801 |
Источник записи |
_1 |
| a |
Страна |
RU |
| b |
Организация |
NLR |
| c |
Дата составления |
20250403 |
| g |
Правила каталогизации |
PSBO |
| 801 |
Источник записи |
_2 |
| a |
Страна |
RU |
| b |
Организация |
NLR |
| c |
Дата составления |
20250902 |
| 2 |
Код формата |
rusmarc |
| g |
Правила каталогизации |
PSBO |
| 852 |
Данные о местонахождении |
__ |
| i |
Авторский знак |
М 31 |
| j |
Шифр хранения |
81.411.2-4 |
| 900 |
Макрообъекты |
__ |
| a |
Макрообъекты |
Заимствованные слова в русском языке. Маслов, В., 2025 |
| 901 |
Тип документа |
__ |
| a |
Ответственный |
КиК/Обаева |
| t |
Тип документа |
m |
| 901 |
Тип документа |
__ |
| a |
Ответственный |
6 партия |
| 903 |
Характеристики (МАРС) |
__ |
| a |
Дата передачи |
20260525 |
| c |
Наименование библиотеки (МАРС) |
Муниципальное бюджетное учреждение культуры "Централизованная библиотечная система" г. Сургут (Центральная городская библиотека им. А. С. Пушкина) |
| 969 |
Тип издания |
__ |
| a |
Тип издания |
Ф 26 |
| a |
Тип издания |
словарь |
| 990 |
Данные о заказе (DOS) |
__ |
| j |
Количество экземпляров (DOS) |
1 |
| t |
N записи в КСУ для И/У (DOS) |
202606 |